Acup of Comfort for Inspiration (Record no. 4247)

MARC details
000 -LEADER
fixed length control field 00398nam a22001697a 4500
005 - DATE AND TIME OF LATEST TRANSACTION
control field 20160627142724.0
008 - FIXED-LENGTH DATA ELEMENTS--GENERAL INFORMATION
fixed length control field 160627b xxu||||| |||| 00| 0 eng d
020 ## - INTERNATIONAL STANDARD BOOK NUMBER
ISBN 978-1-59869-660-8
041 ## - LANGUAGE CODE
Language code of text/sound track or separate title eng
082 ## - DEWEY DECIMAL CLASSIFICATION NUMBER
Item number 10636
100 ## - MAIN ENTRY--AUTHOR NAME
Personal name Sell Colleen
245 ## - TITLE STATEMENT
Title Acup of Comfort for Inspiration
260 ## - PUBLICATION, DISTRIBUTION, ETC. (IMPRINT)
Name of publisher Viva Books
Year of publication 2009
300 ## - PHYSICAL DESCRIPTION
Number of Pages 321
650 ## - SUBJECT ADDED ENTRY--TOPICAL TERM
Topical Term Management
942 ## - ADDED ENTRY ELEMENTS (KOHA)
Koha item type Books
Holdings
Lost status Damaged status Collection code Home library Current library Shelving location Date acquired Cost, normal purchase price Full call number Accession Number Koha item type
    LIFE SKILL JRU Library JRU Library SHELF-102-G 27/06/2016 350.00 10636 10636 Books